Science Quiz

Random Science or Chemistry Quiz

Chalcogen Elements Quiz Stats

 Plays Quiz Updated Apr 3, 2020

     
Support Sporcle.
Go Orange.
Score 0/6 Timer 01:00
0 Plays Today
% Correct
Oxygen
94.4%
Sulfur
84%
Selenium
66.6%
Polonium
56.2%
Tellurium
55.4%
Livermorium
42.1%

From the Vault

Board Games by Board

by puckett86

Gaming 6m
There is no way you can get bored when you're looking at this many boards.
Remove Ads.
Support Sporcle.
Get the best of Sporcle when you Go Orange. This ad-free experience offers more features, more stats, and more fun while also helping to support Sporcle. Thank you for becoming a member.

Show Comments

Extras

Top Quizzes Today


Score Distribution

Your Account Isn't Verified!

In order to create a playlist on Sporcle, you need to verify the email address you used during registration. Go to your Sporcle Settings to finish the process.

Report this User

Report this user for behavior that violates our Community Guidelines.

Details: